Human Values: for Modern Professionals (Record no. 601)

MARC details
000 -LEADER
Fixed length control field 00482nam a2200181 4500
003 - CONTROL NUMBER IDENTIFIER
Control field SEACOMMC
005 - DATE AND TIME OF LATEST TRANSACTION
Control field 20250419134018.0
008 - FIXED-LENGTH DATA ELEMENTS--GENERAL INFORMATION
Fixed length control field 240925b |||||||| |||| 00| 0 eng d
020 ## - INTERNATIONAL STANDARD BOOK NUMBER / ISBN
Price Rs.150.00
040 ## - CATALOGING SOURCE
Original cataloging agency SEACOMMC
082 ## - DEWEY DECIMAL CLASSIFICATION NUMBER
Classification number 174
Book Number T 835
100 ## - MAIN ENTRY--PERSONAL NAME
Personal name Tripathi, A N
245 1# - TITLE STATEMENT
Title Human Values: for Modern Professionals
Statement of responsibility A N Tripathi
250 ## - EDITION STATEMENT
Edition statement Rev. 2nd ed.
260 ## - IMPRINT
Place of publication New Delhi
Name of publisher New Age International Publishers
Date of publication 2006
650 ## - SUBJECT ADDED ENTRY--TOPICAL TERM
Topical term Human Values
942 ## - ADDED ENTRY ELEMENTS (KOHA)
Koha item type Books
Holdings
Withdrawn status Lost status Source of classification Damaged status Not for loan Home library Current library Date acquired Total Checkouts Call number Accession number Date last seen Price effective from Koha item type Copy number
    Dewey Decimal Classification     SEACOM MANAGEMENT COLLEGE SEACOM MANAGEMENT COLLEGE 04/10/2007   174 T 835 M-359 25/09/2024 25/09/2024 Books  
    Dewey Decimal Classification     SEACOM MANAGEMENT COLLEGE SEACOM MANAGEMENT COLLEGE 04/10/2007   174 T 835 M-360 25/09/2024 25/09/2024 Books 1
    Dewey Decimal Classification     SEACOM MANAGEMENT COLLEGE SEACOM MANAGEMENT COLLEGE 04/10/2007   174 T 835 M-361 25/09/2024 25/09/2024 Books 2
    Dewey Decimal Classification     SEACOM MANAGEMENT COLLEGE SEACOM MANAGEMENT COLLEGE 04/10/2007   174 T 835 M-362 25/09/2024 25/09/2024 Books 3
    Dewey Decimal Classification     SEACOM MANAGEMENT COLLEGE SEACOM MANAGEMENT COLLEGE 04/10/2007   174 T 835 M-363 25/09/2024 25/09/2024 Books 4
    Dewey Decimal Classification     SEACOM MANAGEMENT COLLEGE SEACOM MANAGEMENT COLLEGE 04/10/2007   174 T 835 M-364 25/09/2024 25/09/2024 Books 5
© Seacom Engineering College, All rights reserved.    Powered by Koha